Quizzes
Events
Quiz Creation
Community
Videos
Private Events
Remove Ads
Sign In
Join for FREE
Feedback
Dark Mode
Quiz Categories
Sports
Geography
Music
Movies
Television
Just For Fun
Miscellaneous
History
Literature
Language
Science
Gaming
Entertainment
Religion
Holiday
For Kids
Quiz Lab
Recent
Popular Today
Quiz Kudos Today
Editor Picks
Curator Picks
Quizzes by...
Day
Popularity
Type
Ratings
Length
Year
Community
Subscriptions
Recent Discussions
Orange Saloon
Badges
Playlists
Quests
Create
Leaderboards
Showdown
Live 5
Trivia Bingo
Activity
Puzzle Library
Sporcle Events
Private Events
Virtual Trivia
Globe League
Become a Host
Pub Owners
SporcleCon
Opinionation
Our Games
Videos
Blog
Mobile Apps
Partnerships
Remove Ads and Go Orange
Feedback
Movies
Disney
Marvel Cinematic Universe
Movie Resume
Movie Titles
Oscar
Actor
Actress
Director
Pixar
Role
Movie Quotes
Movie Characters
Box Office
Nominee
Best Picture
Star Wars
James Bond
Horror Movies
Movies
Disney
Marvel Cinematic Universe
Movie Resume
Movie Titles
Oscar
Actor
Actress
Director
Pixar
Role
Movie Quotes
Movie Characters
Box Office
Nominee
Best Picture
Star Wars
James Bond
Horror Movies
Random Quiz
Search Sporcle
×
Quiz Lab
Quiz Lab
Movies
Top 100
Type in answers that appear in a list
Type in answers that appear in a list
Classic
Best Score? Go Orange.
Top 100 Best Rated Action Movies of All Time Stats
Can you name the Top 100 Action Movies?
By
caspar1995
11m
100 Questions
537 Plays
537 Plays
537 Plays
Comments
Comments
Give Quiz Kudos
Give Quiz Kudos
-
- Ratings
hide this ad
Replay
Link that replays current quiz
Next Quiz
Link to next quiz in quiz playlist
You Got
0%
They Got
Avg Score
25%
Avg Friend Score
Upgrade to see
Score Distribution
Jump to the score distribution portion of the page
Score
0/100
Timer
11:00
0
Plays Today
Number
Movie
% Correct
25.
Die Hard
78%
96.
A Good day to Die Hard
78%
1.
Batman: The Dark Knigt
75%
3.
Star Wars Episode V: The Empire Strikes Back
74.7%
6.
Star Wars Episode IV: A New Hope
74.3%
11.
Terminator II: Judgment Day
74.3%
20.
Star Wars Episode VI: Return Of The Jedi
74.3%
33.
The Terminator
74.3%
92.
Star Wars: Episode III - Revenge of the Sith
73.7%
10.
Batman: The Dark Knight Rises
68.5%
23.
Batman: Batman Begins
65.9%
9.
Indiana Jones And The Raiders of the Lost Ark
65%
8.
The Matrix
57.4%
24.
The Avengers
57.4%
2.
Lord Of The Rings: The Return of the King
57.2%
4.
The Lord Of The rings: The Fellowship Of The Ring
56.8%
7.
The Lord Of The Rings: The Two Towers
56.6%
22.
Indiana Jones and The Last Crusade
56.2%
54.
Iron Man
53.4%
99.
Indiana Jones: The Temple of Doom
50.1%
12.
Saving Private Ryan
48.8%
14.
Aliens
47.7%
66.
Predator
44.5%
47.
James Bond: Casino Royale
43.8%
42.
Avatar
41.9%
15.
Gladiator
41.2%
52.
James Bond: Skyfall
41.2%
38.
Star Trek: The Future Begins
40.2%
93.
Star Trek: The Wrath of Kahn
40.2%
75.
X-Men: First Class
36.9%
5.
Inception
35.4%
19.
Braveheart
33.9%
34.
The Bourne Ultimatum
33.7%
60.
The Bourne Identity
33.7%
Number
Movie
% Correct
30.
Platoon
30.4%
67.
Dirty Harry
28.5%
32.
ben Hur
27.6%
36.
Pirates Of The Caribbean: The Curse of the Black Pearl
26.1%
58.
The French Connection
26.1%
41.
Planet of the Apes
25%
31.
Kill Bill: Vol.1
24.4%
43.
Kill Bill: Vol. 2
24.4%
73.
Goldfinger
23.5%
40
Spartacus
19.7%
26.
Heat
18.1%
55.
Taken
17.7%
13.
North by Northwest
16.6%
79.
The Fugitive
16.6%
90.
300
16.4%
17.
The Treasure of Sierra Madre
12.8%
44.
The Incredibles
12.8%
74.
The Dirty Dozen
12.8%
72.
The Magnificent Seven
12.1%
97.
The Matrix Reloaded
11.7%
86.
The Last Crusade
10.8%
100.
The Hunt For Red October
10.4%
85.
The Longest Day
10.1%
39.
The Adventures of Robin Hood
9.9%
37.
District 9
9.7%
16.
Das Boot
8.9%
95.
Looper
8.9%
29.
V for Vendetta
8.6%
94.
The Last Samurai
8.4%
21.
The General
8.2%
27.
Ran
7.8%
87.
The last of the Mohicans
7.6%
71.
Kick-Ass
7.3%
91.
The Bourne Supremacy
7.1%
Number
Movie
% Correct
78.
The Train
6.7%
62.
Hot Fuzz
6.1%
98.
The Sign of Zorro
5.6%
53.
The Blues Brothers
5.2%
65.
The Outlaw Josey Wales
5%
89.
Captain Blood
4.7%
50.
Serenity
4.5%
83.
Apocalypto
4.5%
35.
Tropa de Elite 2
4.3%
45.
Tropa De Elite
4.3%
51.
The Navigator
4.3%
69.
Lola rennt
4.3%
82.
Beau Geste
4.3%
70.
Ajeossi
4.1%
81.
3:10 to yuma
3.7%
68.
Satya
3.4%
77.
The Boondock Saints
3.4%
28.
Sholay
3.2%
46.
Omkara
3.2%
48.
A night to Remember
3.2%
56.
Evangelion 2.0 You can (not) advance
3.2%
76.
Fetih 1453
3.2%
84.
Sarfarosh
3%
18.
Gangs of Wasseypur
2%
64.
The Iron Giant
1.9%
80.
Knockin' on heaven's door
1.7%
57.
Company
1.5%
59.
Steamboat Bill, Jr.
1.3%
49.
Nefes: Vatan Sagolsum
0.9%
63.
Touchez pas au grisbi
0.9%
88.
Twelve o'clock High
0.6%
61.
Beloe Solntse pustyni
0.4%
Quiz Playlist
Details
Report
Send in Message
Add To Playlist
Classic:
Type in answers that appear in a list
Quiz Source
Last Updated: Feb 16, 2017
Quiz Scoreboard
CHALLENGE
Sign Up to Join the Scoreboard
Show All
Scores
Hide
Comments
May contain spoilers
Recently Published
NBA Finals Game Top Scorers (2010s)
by flibbidy
Sports
5m
Guess the 'R' Things in 3 Words
by MSUKent
Miscellaneous
3m
Actor to Badly Drawn Movie III
by MoMosMoProblems
Movies
5m
More to Explore
Quiz From the Vault
Featured Blog Post
Where Does Lost Luggage Go?
hide this ad
You Might Also Like...
Tags
100
Action
Top 100
Today's Top Quizzes in Movies
Browse Movies
hide this ad
Today's Top Quizzes in Top 100
Browse Top 100
Top Contributed Quizzes in Movies
1
Pixar Reveal II
2
How Long Is the Movie Title?
3
Pixar Reveal III
4
10 Quentin Tarantino Movies in Order
5
Adjectives in 00s Movies
6
Pixar Reveal IV
7
Movie Stars Gone to the Dogs
8
Adjectives in 10s Movies
9
Pixar Reveal V
10
Adjectives in 90s Movies
Explore More
Trending Topics
Marvel
Disney
NBA
Crossword
Harry Potter
Kpop
Anime
The Office
Country
Pokémon
Song
NFL
Puzzle
WWE
Soccer
hide this ad
More By:
caspar1995
Quiz
Plays
Rating
Category
Featured
Created
(always recent) Walking Dead Characters
5,997
3.48
Television
Nov 1, 2012
(always recent) Walking Dead Kill Count
3,088
3.56
Television
Mar 3, 2013
(always recent) Vampire Diaries Characters
2,678
4.33
Television
Nov 10, 2012
LOST kill count
967
4.83
Television
Oct 6, 2012
(always recent) Walking Dead Episode Count
770
5.00
Television
Feb 24, 2013
Go to Creator's Profile
Score Distribution
Quiz Creator Spotlight
caspar1995
Follow
Send a Message
Quizzes Created
-
Created Quiz Play Count
-
More By This Creator
Popular Quizzes Today
1
Find the US States - No Outlines Minefield
2
Find the US States
3
The Countries of the World
4
10 Largest US States in Order
5
Find the Countries of Europe - No Outlines Minefield
6
US States
7
Guess the 'R' Things in 3 Words
8
NBA Finals Game Top Scorers (2010s)
More Movies Quizzes
1980s Movie Villains by Confrontation (Clips)
Curator's Pick
Trending Quizzes
First Name TV: Leading Men
First Name TV: Leading Women Drama
Match the Book to the Film II
Pick A Pair: Religious TV
Match the Book to the Film VI
Recently Updated
Women's Final Four Teams by Year
bhenderson79
Presidents Quartet II
eogle
Anything But Clue(do)
eogle
Anything But Oceanian Capitals
eogle
Anything But 7
eogle
Anything But Thing
eogle
Word Ladder: February 29
pecheneg
Song Title Questions
pecheneg
Women's NCAA Tournament #1 Seeds
pecheneg
Celebrity Mug Shots
pecheneg
Trending Topics
Crossword
Disney
Anime
NBA
Kpop
Marvel
Harry Potter
Country
Song
NFL
WWE
Soccer
Pokémon
The Office
Puzzle
Your Account Isn't Verified!
In order to create a playlist on Sporcle, you need to verify the email address you used during registration. Go to your
Sporcle Settings
to finish the process.
Report this User
Report this user for behavior that violates our
Community Guidelines
.
Details:
Send Report
Go to the Sporcle.com Mobile Site →
Comments